000 00739cam a2200217 4500
001 5794
005 20181127180252.0
008 091013s2009 ii 000 f eng d
010 _a 2009305475
020 _a9788186939512 (pbk.)
100 1 _aHasan, Anjum.
245 1 0 _aNeti, neti :
_bNot this, not this /
_ca novel by Anjum Hasan.
246 3 1 _aNot this, not this
260 _aNew Delhi :
_bIndiaInk :
_bRoli Books,
_cc2009, 2016.
300 _a287 p. ;
_c23 cm.
500 _a""Longlisted for the Man Asian Literary Prize, 2008""--Cover.
520 _aNovel based on young women's critical situation in big cities.
650 0 _aCity and town life
_vFiction.
650 0 _aYoung women
_vFiction.
655 0 _aIndic fiction (English)
999 _c4890
_d4890